| 000 | 00460nam a2200145Ia 4500 | ||
|---|---|---|---|
| 008 | 170224s9999 xx 000 0 und d | ||
| 100 | _aChristoph Pelger | ||
| 245 | _aOn the IASB’s construction of legitimacy – the case of the agenda consultation project | ||
| 245 | _cChristoph Pelger & Nicole Spieß | ||
| 260 | _bAccounting and Business Research | ||
| 260 | _c2017 | ||
| 300 | _a47:1, pages 64-90 | ||
| 650 | _xAccountancy | ||
| 650 | _xAccounting | ||
| 999 |
_c316083 _d316083 |
||